000 03014nam a22004095a 4500
005 20070206103259.0
008 060616s2007 nyu | 00| 1 eng
010 _aB-345909-918
020 _a9781416934851
_c129.00
020 _a1416934855
_c129.00
035 _aB-357717
035 _aB-345909-918
037 _bTarun Books (vendor)
040 _adpl
_bEnglish
082 _aS
100 _aKeene, Carolyn
245 _aThe fashion disaster /
_cby Carolyn Keene; illustrated by Macky Pamintuan
260 _aNew York
_bAladdin Paperbacks
_c2007
270 _a1230 Avenue of the Americas
_bNew York
_eNY 10020
300 _a82p.:
_bill.
_c20cm(pbk)
490 _aNancy drew and the clue crew ;
_v#6
700 _aPamintuan, Macky
942 _2ddc
_cCH
_hS
_mKEE
999 _c21478
_d21478